000 00325 a2200109 4500
001 ART_2266
005 20260410161724.0
008 260409a
245 1 0 _a¿Estrategia sin contabilidad?
100 1 _aLevy, Alberto R.
773 0 _tAdministración de empresas
_g- Año XVII, Nº 200 (nov. 1986)
_wREV2036
999 _c17239
_d17239